Logo BPK

Biblioteka

Politechniki Koszalińskiej

Warunki techniczne wykonania i odbioru robót budowlano-montażowych. (Rekord nr 4177)

Szczegóły MARC
000 -ETYKIETA REKORDU
podpole kontrolne o stałej długości 01236nam a2200313 i 4500
001 - NUMER KONTROLNY REKORDU
pole kontrolne bg
003 - IDENTYFIKATOR NUMERU KONTROLNEGO REKORDU
podpole kontrolne BPK
005 - DATA OSTATNIEJ MODYFIKACJI REKORDU
podpole kontrolne 20190828120245.0
008 - POLE O STAŁEJ DŁUGOŚCI - DANE KONTROLNE
podpole kontrolne o stałej długości 970904s1990 pl a f |000 0 pol
015 ## - NUMER BIBLIOGRAFII NARODOWEJ
Numer bibliografii narodowej PB 1990/6011
020 ## - MIĘDZYNARODOWY ZNORMALIZOWANY NUMER KSIĄŻKI - ISBN
ISBN 8321334334
020 ## - MIĘDZYNARODOWY ZNORMALIZOWANY NUMER KSIĄŻKI - ISBN
ISBN 8321335136
020 ## - MIĘDZYNARODOWY ZNORMALIZOWANY NUMER KSIĄŻKI - ISBN
ISBN 8321334946
040 ## - ŹRÓDŁO KATALOGOWANIA
Instytucja, która sporządziła opis WA N
Instytucja, która utworzyła rekord BPK
080 ## - UNIWERSALNA KLASYFIKACJA DZIESIĘTNA - UKD
UKD 69
245 00 - TYTUŁ/ODPOWIEDZIALNOŚĆ
Tytuł Warunki techniczne wykonania i odbioru robót budowlano-montażowych.
Oznaczenie części/sekcji dzieła T. 1, cz. 3,
Tytuł części/sekcji dzieła Budownictwo ogólne /
Pozostałe elementy strefy tytułu i oznaczenia odpowiedzialności [aut. Antoni Gudaj et al. ; red. nauk. Elżbieta Gomulińska, Andrzej Machalski] ; Ministerstwo Gospodarki Przestrzennej i Budownictwa. Instytut Techniki Budowlanej.
246 30 - WARIANT TYTUŁU
Tytuł Budownictwo ogólne
250 ## - STREFA WYDANIA
Oznaczenie wydania [Wyd. 4
-- stan prawny na dzień 1 stycznia 1990].
260 ## - STREFA ADRESU WYDAWNICZEGO
Miejsce wydania Warszawa :
Nazwa wydawcy/dystrybutora "Arkady",
Data publikacji, dystrybucji/powstania dokumentu 1990
Miejsce produkcji (Pozn. :
Nazwa producenta PZGMK).
300 ## - STREFA OPISU FIZYCZNEGO
Objętość 242 s. :
Inne cechy fizyczne rys. ;
Rozmiary 29 cm.
504 ## - UWAGA DOTYCZĄCA BIBLIOGRAFII
Informacje o bibliografii Bibliogr. i normy przy rozdz.
650 #4 - HASŁO PRZEDMIOTOWE W FORMIE NAZWY OGÓLNEJ LUB JEDNOSTKOWEJ
Nazwa ogólna lub geograficzna Budownictwo
Określnik ogólny technika.
700 1# - HASŁO DODATKOWE - NAZWA OSOBOWA
Nazwa osobowa Gudaj, Antoni.
710 2# - HASŁO DODATKOWE - NAZWA CIAŁA ZBIOROWEGO
Nazwa ciała zbiorowego lub jednostki geograficznej Wydawnictwo "Arkady".
Kod określenia powiązania pbl.
700 1# - HASŁO DODATKOWE - NAZWA OSOBOWA
Nazwa osobowa Gomulińska, Elżbieta
Określenie związku między hasłem a opisywanym materiałem Redakcja
700 1# - HASŁO DODATKOWE - NAZWA OSOBOWA
Nazwa osobowa Machalski, Andrzej
Określenie związku między hasłem a opisywanym materiałem Redakcja
856 ## - LOKALIZACJA I DOSTĘP DO ELEKTRONICZNYCH DOKUMENTÓW ZDALNYCH
Link (URL) http://koha.tu.koszalin.pl/cgi-bin/koha/opac-detail.pl?biblionumber=4177
Tekst linku Katalog online BPK
942 ## - DODATKOWE ELEMENTY (KOHA)
Schemat klasyfikacji Uniwersalna Klasyfikacja Dziesiętna
Typ dokumentu Książka
Egzemplarze
Wycofany Status egzemplarza Uszkodzony Dostępność Lokalizacja stała Lokalizacja bieżąca Miejsce przechowywania Sygnatura Kod kreskowy Typ dokumentu Status: wypożyczony Ostatnio wypożyczono Dział
      Dostępny Biblioteka Politechniki Koszalińskiej Biblioteka Politechniki Koszalińskiej Wypożyczalnia BG P 39938 01142839 Książka      
      Dostępny Biblioteka Politechniki Koszalińskiej Biblioteka Politechniki Koszalińskiej Wypożyczalnia BG P 39939 01883534 Książka 14.05.2027 18.08.2023  
      Dostępny Biblioteka Politechniki Koszalińskiej Biblioteka Politechniki Koszalińskiej Wypożyczalnia BG P 39940 01426847 Książka      
      Tylko na miejscu Biblioteka Politechniki Koszalińskiej Biblioteka Politechniki Koszalińskiej Czytelnia BG P 39941 02051208 Książka     69 Przemysł budowlany
      Dostępny Biblioteka Politechniki Koszalińskiej Biblioteka Politechniki Koszalińskiej Wypożyczalnia BG P 39942 01236248 Książka      
© 2023 Biblioteka Politechniki Koszalińskiej :: KOHA